Регионална библиотека "Любен Каравелов" - Русе

Житие и страдания на грешния Софроний (Запис номер 187665)

MARC детайли
000 -Лидер
Контролно поле с фиксирана дължина nam a22 a 4500
003 - Код на организацията, давaща контролен номер
Контролно поле BLK
005 - Дата и час на последна редакция
Контролно поле 20230401030328.0
008 - Елементи от данни с фиксирана дължина
fixed length control field 180411b bul|||||r ||||||| ||bul||
010 ## - Наследен системен номер
LC control number KNG00196682000
040 ## - Източник на каталожния запис
Идентификатор на билиотеката - собственик на записа BLK
041 ## - Код за език
Код за езика на текст/звукозапис или на отделно заглавие Български
Код за езика КДБФ Български
080 ## - УДК
Текстов определител УДК Българска литература
УДК код - определител по УДК 821.163.2
УДК определител -9
УДК - код + определител 821.163.2-9
100 1# - Редна дума - Автор
Автор Софроний Врачански
Дати, свързани с автора 1739-1813
Титли или други наименования, свързани с автора Владиславов, Стойко ; Софроний, епископ Врачански ; Софроний Врачански, св. ; Серафим, монах
Авторска отговорност първи автор
R(LIN) 366013
139 ## - Редно поле
Редна дума Софроний Врачански
Авторски знак Соф - С 53
245 10 - Сведения за заглавието
Заглавие Житие и страдания на грешния Софроний
Редно поле (дума) Софроний Врачански; предг., състав., ред. и прил. Надежда Николова Драгова
257 ## - Страна на издаване
Страна на създаване/издаване България
260 ## - Област на издателските данни
Място на издаване, разпространение и проч. София
Име на издателя, разпространителя и проч. Бълг. писател
Година на издаване 1979
300 ## - Физическа характеристика
Страници 103 с.
Размери/Мащаб 20 см
380 ## - Жанр
Жанр Худож. лит.
490 ## - СЕРИИ (Колекции)
Име на серия Библиотека за ученика
9 (RLIN) 201322
500 ## - Общи забележки
Забележка Съдържа и Откъси от оригиналния текст на Житие и страдания грешного Софрония ; Поучения ; Призиви ; Биографична справка ; Оценки за делото на Софроний ;
504 ## - Забележка за наличие на библиография и др
Забележка за наличие на библиография и под. Библиогр.
700 1# - Други автори (авторска отговорност)
Лично име Драгова, Надежда Николова
Автороска отговорност (Описва отношението между автора и произведението) предг., състав., ред. и прил.
9 (RLIN) 363491
852 ## - Местоположение
Форматна сигнатура Цб 97626
Фондова буква Хранилище
856 4# - Електронен адрес и достъп
Електронен формат pdf - файл
Инструкция (цена за достъп) 0.00
Права за достъп disable
999 ## - СИСТЕМНИ КОНТРОЛНИ НОМЕРА
Koha biblionumber 187665
Koha biblioitemnumber 187665
942 ## - АРТИКУЛИ
Вид на библиотечния материал Книги
Скрит в OPAC Не
Периодичен библиозапис Да
944 ## - СЪЗДАВАНЕ И РЕДАКЦИЯ на ЗАПИСА
Създаване/Редакция Създаване
Дата на регистрацията/редакция 23.11.2016
Служител, извършил регистрацията/редакцията Грета_Цуфелде
944 ## - СЪЗДАВАНЕ И РЕДАКЦИЯ на ЗАПИСА
Създаване/Редакция Редакция
Дата на регистрацията/редакция 23.11.2016
Служител, извършил регистрацията/редакцията Грета_Цуфелде
Наличности
Код за отписване Код за изгубен артикул Източник на класификационната схема Код за повреда Коз за рестрикции Код за отдаване Артикулен № Име на библиотеката - собственик Име на библиотеката, в която се намира в момента Статус (Текущо местоположение) Дата на вписване в системата Местоположение - отдел Цена в лева Инвентарен номер Систематично азбучна сигнатура Баркод Номер на екземпляра Цена в евро Служебна бележка Служебен тип на артикула
  Не е изгубен Universal Decimal Classification Не е повреден само за читалня ползва се в читалня 327921 Регионална библиотека "Любен Каравелов" Русе Регионална библиотека "Любен Каравелов" Русе Хранилище 1979-01-01 Хранилище 0.32 279322 Цб 97626 120000279322 1 0.16 N: стар фонд Дата: 01.01.1979 Книги
Изтеглен Не е изгубен Universal Decimal Classification Не е повреден без рестрикции заемане за дома 327922 Регионална библиотека "Любен Каравелов" Русе Регионална библиотека "Любен Каравелов" Русе Заемна - подръчен фонд 1979-01-01 Заемна - подръчен фонд 0.32 280197 П 886.7-8/С 53 280197 2 0.16 N: стар фонд Дата: 01.01.1979 Книги
Изтеглен Не е изгубен Universal Decimal Classification Не е повреден без рестрикции заемане за дома 327923 Регионална библиотека "Любен Каравелов" Русе Регионална библиотека "Любен Каравелов" Русе Заемна - подръчен фонд 1979-01-01 Заемна - подръчен фонд 0.32 280198 П 886.7-8/С 53 280198 3 0.16 N: стар фонд Дата: 01.01.1979 Дата инв: 12.02.2018 Бележки инв: П2018 Книги
Изтеглен Не е изгубен Universal Decimal Classification Не е повреден без рестрикции заемане за дома 327924 Регионална библиотека "Любен Каравелов" Русе Регионална библиотека "Любен Каравелов" Русе Заемна - подръчен фонд 1979-01-01 Заемна - подръчен фонд 0.23 280206 П 886.7-8/С 53 280206 4 0.12 N: стар фонд Дата: 01.01.1979 Книги
Изтеглен Не е изгубен Universal Decimal Classification Не е повреден без рестрикции заемане за дома 327925 Регионална библиотека "Любен Каравелов" Русе Регионална библиотека "Любен Каравелов" Русе Заемна - подръчен фонд 1979-01-01 Заемна - подръчен фонд 0.23 280214 П 886.7-8/С 53 280214 5 0.12 N: стар фонд Дата: 01.01.1979 Книги
Изтеглен Не е изгубен Universal Decimal Classification Не е повреден без рестрикции заемане за дома 327926 Регионална библиотека "Любен Каравелов" Русе Регионална библиотека "Любен Каравелов" Русе Заемна - подръчен фонд 1979-01-01 Заемна - подръчен фонд 0.23 280215 П 886.7-8/С 53 280215 6 0.12 N: стар фонд Дата: 01.01.1979 Книги
Vip Innovations Ltd, Rousse, Bulgaria 2025